Nuôi cấy mô thực vật phục vụ công tác giống cây trồng

Shranjeno v:
Bibliografske podrobnosti
Glavni avtor: Nguyễn, Văn Uyển
Format: Knjiga
Jezik:Undetermined
Izdano: Thành phố Hồ Chí Minh Nxb, Thành phố Hồ Chí Minh 1984
Teme:
Oznake: Označite
Brez oznak, prvi označite!
Thư viện lưu trữ: Trung tâm Học liệu Trường Đại học Cần Thơ
LEADER 00601nam a2200181Ia 4500
001 CTU_126319
008 210402s9999 xx 000 0 und d
082 |a 631.53 
082 |b U527 
100 |a Nguyễn, Văn Uyển 
245 0 |a Nuôi cấy mô thực vật phục vụ công tác giống cây trồng 
245 0 |c Nguyễn, Văn Uyển 
260 |a Thành phố Hồ Chí Minh 
260 |b Nxb, Thành phố Hồ Chí Minh 
260 |c 1984 
650 |a Breeding plant 
904 |i Nguyên 
980 |a Trung tâm Học liệu Trường Đại học Cần Thơ